[Event "CHI-ch sf"]
[Site "Santiago de Chile"]
[Date "2018.12.08"]
[Round "3.9"]
[White "Flores Cisternas, Ricardo"]
[Black "Inostroza Serrano, Sergio"]
[Result "1/2-1/2"]
[WhiteElo "1941"]
[BlackElo "2014"]
[PlyCount "122"]
[EventDate "2018.12.07"]
[EventType "swiss"]
[EventRounds "8"]
[EventCountry "CHI"]
[SourceTitle "EXT 2024"]
[Source "ChessBase"]
[SourceDate "2023.10.10"]
[SourceVersion "1"]
[SourceVersionDate "2023.10.10"]
[SourceQuality "1"]

1. c4 c6 2. b3 d5 3. Bb2 Nf6 4. Nf3 Bg4 5. e3 Nbd7 6. Be2 e6 7. 0-0 Be7 8. h3 Bh5 9. d3 0-0 10. Nbd2 a5 11. Re1 h6 12. a3 Qb6 13. Qc2 Rfd8 14. Nf1 Bg6 15. Ne5 Nxe5 16. Bxe5 Nd7 17. Bc3 a4 18. Reb1 axb3 19. Rxb3 Qa6 20. Bb4 Qxc4 21. Qxc4 dxc4 22. dxc4 Nc5 23. Bxc5 Bxc5 24. Rxb7 Rxa3 25. Rxa3 Bxa3 26. Rb3 Be7 27. Rb6 c5 28. Rb3 Kf8 29. f3 Bc2 30. Ra3 Ke8 31. Kf2 Bh4+ 32. g3 Bf6 33. Ra5 Be7 34. Ra2 Bb1 35. Rb2 Bg6 36. f4 Be4 37. Rd2 Rxd2 38. Nxd2 Bc2 39. Bf3 Kd7 40. Be4 Ba4 41. Ke2 Kc7 42. Kd3 Kb6 43. Bf3 Ka5 44. e4 Kb4 45. e5 f5 46. Bb7 Bd7 47. h4 Bd8 48. Ba6 Ba5 49. Nb1 Kb3 50. Nd2+ Kb2 51. Bb5 Bc8 52. Ba4 Bb4 53. Bc6 Kc1 54. Nf3 Kd1 55. Ba4+ Kc1 56. Bc6 Ba5 57. Ke2 Kc2 58. Bb5 Kc3 59. Ne1 Bb4 60. Ng2 Kd4 61. Ne3 Kc3 1/2-1/2

[Event "Santiago IRT Glorias Navales"]
[Site "Santiago de Chile"]
[Date "2018.05.19"]
[Round "3.2"]
[White "Flores Cisternas, Ricardo"]
[Black "Hennen Rodriguez, Julian"]
[Result "1-0"]
[WhiteElo "1949"]
[BlackElo "1861"]
[PlyCount "65"]
[EventDate "2018.05.19"]
[EventType "swiss"]
[EventRounds "5"]
[EventCountry "CHI"]
[SourceTitle "EXT 2024"]
[Source "ChessBase"]
[SourceDate "2023.10.10"]
[SourceVersion "1"]
[SourceVersionDate "2023.10.10"]
[SourceQuality "1"]

1. Nf3 e6 2. d4 Nf6 3. Bf4 d5 4. e3 c5 5. c3 Nc6 6. Bd3 Nh5 7. Bg3 Nxg3 8. hxg3 h6 9. Nbd2 Bd6 10. dxc5 Bxc5 11. Qb3 e5 12. Bb5 f6 13. 0-0-0 a6 14. Be2 Be6 15. Qxb7 Bd7 16. Qb3 Ne7 17. Nh4 0-0 18. Qc2 Qe8 19. Nb3 Bb6 20. g4 a5 21. Nf5 Bxf5 22. gxf5 a4 23. Nd2 e4 24. g4 Nc6 25. Bb5 a3 26. b3 Qc8 27. Bxc6 Qxc6 28. Nb1 Rfd8 29. Rd2 Qb7 30. b4 d4 31. Qb3+ Kh7 32. cxd4 Qa7 33. Kd1 1-0

[Event "Santiago IRT Glorias Navales"]
[Site "Santiago de Chile"]
[Date "2018.05.19"]
[Round "2.3"]
[White "Gonzalez Gonzalez, Agustin Patricio"]
[Black "Flores Cisternas, Ricardo"]
[Result "0-1"]
[WhiteElo "1225"]
[BlackElo "1949"]
[PlyCount "64"]
[EventDate "2018.05.19"]
[EventType "swiss"]
[EventRounds "5"]
[EventCountry "CHI"]
[SourceTitle "EXT 2024"]
[Source "ChessBase"]
[SourceDate "2023.10.10"]
[SourceVersion "1"]
[SourceVersionDate "2023.10.10"]
[SourceQuality "1"]

1. e4 e5 2. Nf3 Nf6 3. Nxe5 d6 4. Nf3 Nxe4 5. Bc4 d5 6. Bb3 Be7 7. d3 Nc5 8. 0-0 0-0 9. Nbd2 Bg4 10. h3 Bh5 11. d4 Ne4 12. c3 c6 13. Bc2 f5 14. Re1 Bd6 15. Nf1 b5 16. Ng3 Bxg3 17. fxg3 Nxg3 18. Bf4 Ne4 19. Qd3 Nd7 20. Ne5 Nxe5 21. Bxe5 Qh4 22. Re3 f4 23. Rf3 Bxf3 24. Qxf3 Ng5 25. Qf1 f3 26. g3 Qxh3 27. Qf2 Qg4 28. Rf1 Nh3+ 29. Kh2 Nxf2 30. Rxf2 Rae8 31. Bd6 Rf6 32. Bf4 Re2 0-1